<?xml version="1.0" encoding="UTF-8"?>
<record
    xmlns:xsi="http://www.w3.org/2001/XMLSchema-instance"
    xsi:schemaLocation="http://www.loc.gov/MARC21/slim http://www.loc.gov/standards/marcxml/schema/MARC21slim.xsd"
    xmlns="http://www.loc.gov/MARC21/slim">

  <leader>01786nam a2200205 a 4500</leader>
  <controlfield tag="008">011117t2015    ag  |||g |||| 000 0 spa d</controlfield>
  <datafield tag="020" ind1=" " ind2=" ">
    <subfield code="a">9789877230390</subfield>
  </datafield>
  <datafield tag="041" ind1=" " ind2=" ">
    <subfield code="a">spa</subfield>
  </datafield>
  <datafield tag="092" ind1=" " ind2=" ">
    <subfield code="c">306</subfield>
    <subfield code="l">29</subfield>
    <subfield code="s">GIL</subfield>
  </datafield>
  <datafield tag="100" ind1="1" ind2=" ">
    <subfield code="a">Gil Mari&#xF1;o, Cecilia</subfield>
    <subfield code="9">3346</subfield>
  </datafield>
  <datafield tag="245" ind1=" " ind2="3">
    <subfield code="a">El mercado del deseo.</subfield>
    <subfield code="b">Tango, cine y cultura de masas en la Argentina de los '30 /</subfield>
    <subfield code="c">Cecilia Gil Mari&#xF1;o</subfield>
  </datafield>
  <datafield tag="250" ind1=" " ind2=" ">
    <subfield code="a">1a ed.</subfield>
  </datafield>
  <datafield tag="260" ind1=" " ind2=" ">
    <subfield code="a">Buenos Aires:</subfield>
    <subfield code="b">Teseo;</subfield>
    <subfield code="c">2015.</subfield>
  </datafield>
  <datafield tag="300" ind1=" " ind2=" ">
    <subfield code="a">174 p.</subfield>
    <subfield code="c">20x13 cm.</subfield>
  </datafield>
  <datafield tag="500" ind1=" " ind2=" ">
    <subfield code="a">Gil Mari&#xF1;o, C. (2015). El mercado del deseo. Tango, cine y cultura de masas en la Argentina de los '30. (1a ed.). Buenos Aires : Teseo.</subfield>
  </datafield>
  <datafield tag="505" ind1=" " ind2=" ">
    <subfield code="a">Como vector de la nacionalizaci&#xF3;n y popularizaci&#xF3;n del cine, el tanto permiti&#xF3; enlazar las ideas de la argentinidad y la modernidad. Apareci&#xF3; en escena un tanto moderno con nuevos escenarios y personajes. Ese pasaje del arrabal a la compa&#xF1;&#xED;a de broadcasting legitimo un veros&#xED;mil de ascenso social para los sectores populares. A los compadritos y milonguitas de anta&#xF1;o, se sumaban hombres y mujeres "trabajadores" que so&#xF1;aban con triunfar en la radio. As&#xED;, estas representaciones respondieron a una l&#xF3;gica industrial, convirtiendo al cine en una suerte de ventana abierta al mundo de las industrias culturales. El cine en si mismo encontr&#xF3; un modelo "posible". Frente a la poca inversi&#xF3;n estatal, los empresarios del cine buscaron maximizar sus recursos y diversificar sus negocios en una red de consumos culturales. A la pol&#xED;tica del sistema de estrellas, se a&#xF1;ad&#xED;a la de "nuevos talentos", que fortalec&#xED;a un c&#xED;rculo virtuoso del consumo para un nuevo tipo de espectador que adoptaba nuevas pr&#xE1;cticas de consumo cultural. </subfield>
  </datafield>
  <datafield tag="590" ind1=" " ind2=" ">
    <subfield code="a">Donaci&#xF3;n. Proyecto Literatura 4to libro</subfield>
  </datafield>
  <datafield tag="655" ind1=" " ind2=" ">
    <subfield code="a">Estudios culturales</subfield>
    <subfield code="9">3347</subfield>
  </datafield>
  <datafield tag="942" ind1=" " ind2=" ">
    <subfield code="2">ddc</subfield>
    <subfield code="c">LIT</subfield>
  </datafield>
  <datafield tag="999" ind1=" " ind2=" ">
    <subfield code="c">2507</subfield>
    <subfield code="d">2507</subfield>
  </datafield>
  <datafield tag="952" ind1=" " ind2=" ">
    <subfield code="0">0</subfield>
    <subfield code="1">0</subfield>
    <subfield code="2">ddc</subfield>
    <subfield code="4">0</subfield>
    <subfield code="7">0</subfield>
    <subfield code="a">BFM</subfield>
    <subfield code="b">BFM</subfield>
    <subfield code="c">CR</subfield>
    <subfield code="d">2017-11-02</subfield>
    <subfield code="e">Donaci&#xF3;n Fondo Nacional de las Artes, Octubre 2017</subfield>
    <subfield code="l">1</subfield>
    <subfield code="o">306 29 GIL</subfield>
    <subfield code="p">4022</subfield>
    <subfield code="r">2019-06-28</subfield>
    <subfield code="s">2019-06-24</subfield>
    <subfield code="t">Ej. 1</subfield>
    <subfield code="w">2017-11-02</subfield>
    <subfield code="y">LIT</subfield>
    <subfield code="z">Proyecto 4to Libro. Donaci&#xF3;n Fondo Nacional de las Artes, Octubre 2017</subfield>
  </datafield>
</record>
